Prevádzková optimalizácia a možnosť uplatnenia nových technológií pri výrobe alkylátu

Na minha lista:
Detalhes bibliográficos
Autor principal: Švistun, Ladislav (Author)
Outros Autores: Variny, Miroslav (Thesis advisor)
Formato: Manuscrito Livro
Idioma:eslovaco
Publicado em: 2021
Assuntos:
Acesso em linha:http://is.stuba.sk/zp/portal_zp.pl?podrobnosti=157591
Tags: Adicionar Tag
Sem tags, seja o primeiro a adicionar uma tag!

MARC

LEADER 00000ntm a22000003a 4500
001 stuzp83611
003 SK-STU
005 20210605210357.8
007 ta
008 150427s2015----xo-----f-mn---000-0-slo-d
040 |a STU  |b slo 
041 0 |a slo 
100 1 |a Švistun, Ladislav  |u 046230  |4 aut  |U FCHPT Ústav chemického a environmentálneho inžinierstva  |T FCHPT Oddelenie chemického a biochemického inžinierstva  |X 86861  |U C6230  |Y 119  |7 86861 
242 0 1 |a Operation Optimization and New Technologies Implementation Possibility in Alkylate Production  |y eng 
245 1 0 |a Prevádzková optimalizácia a možnosť uplatnenia nových technológií pri výrobe alkylátu 
260 |c 2021 
650 4 |a alkylácia  |2 slo 
650 4 |a modelovanie výrobných procesov  |2 slo 
650 4 |a optimalizácia  |2 slo 
650 4 |a intenzifikácia procesov  |2 slo 
650 4 |a alkylation  |2 eng 
650 4 |a process modeling  |2 eng 
650 4 |a optimization  |2 eng 
650 4 |a process intensification  |2 eng 
700 1 |a Variny, Miroslav  |u 046230  |k Z1  |4 ths  |U FCHPT Ústav chemického a environmentálneho inžinierstva  |T FCHPT Oddelenie chemického a biochemického inžinierstva  |X 25916  |U C6230  |Y 119  |7 A000025916 
856 4 |u http://is.stuba.sk/zp/portal_zp.pl?podrobnosti=157591